[Event "Rated Blitz game"]
[Site "?"]
[Date "2021.04.15"]
[Round "?"]
[White "Dede-Liu39"]
[Black "Erow"]
[Result "0-1"]
[WhiteElo "2492"]
[BlackElo "2636"]
[PlyCount "74"]
[EventDate "2021.??.??"]
[EventType "blitz"]

1. e4 e5 2. Nf3 d5 3. d4 dxe4 4. Nxe5 Bd6 5. Nc3 Bxe5 6. dxe5 Qxd1+ 7. Kxd1 Bf5
8. Nd5 Kd7 9. Bf4 Nc6 10. Bb5 Nge7 11. Nxe7 Kxe7 12. Bxc6 bxc6 13. Kd2 Rhd8+
14. Kc3 Ke6 15. Rae1 Rd5 16. b3 e3 17. Bxe3 Rxe5 18. Bf4 Rxe1 19. Rxe1+ Kd7 20.
Re5 Be6 21. Ra5 a6 22. Ra4 Bd5 23. g3 c5 24. Kd2 Kc6 25. c4 Be6 26. Kc3 Bf5 27.
Be3 a5 28. a3 Kb6 29. Kb2 Bd7 30. Bxc5+ Kxc5 31. b4+ Kxc4 32. b5+ Kxb5 33. Rf4
f6 34. Rh4 h6 35. Rd4 Bc6 36. a4+ Kc5 37. h4 Kxd4 {Normal} 0-1

[Event "Rated Blitz game"]
[Site "?"]
[Date "2021.04.15"]
[Round "?"]
[White "manlunas48"]
[Black "DarthZannah"]
[Result "0-1"]
[WhiteElo "2385"]
[BlackElo "2490"]
[PlyCount "34"]
[EventDate "2021.??.??"]
[EventType "blitz"]

1. e4 e5 2. Nf3 d5 3. exd5 e4 4. Qe2 Nf6 5. d3 Qxd5 6. a3 Be7 7. dxe4 Qxe4 8.
Be3 Nd5 9. Nbd2 Qxc2 10. Bg5 Qxb2 11. Rb1 Qxa3 12. Nc4 Qc5 13. Rd1 Nc6 14. Nfe5
Be6 15. Nxc6 Qxc6 16. Ne5 Bb4+ 17. Bd2 Bxd2+ {Normal} 0-1

[Event "Rated Blitz game"]
[Site "?"]
[Date "2021.04.15"]
[Round "?"]
[White "malcriado007"]
[Black "pasha1984"]
[Result "1-0"]
[WhiteElo "2414"]
[BlackElo "2389"]
[PlyCount "127"]
[EventDate "2021.??.??"]
[EventType "blitz"]

1. e4 e5 2. Nf3 d5 3. Nxe5 dxe4 4. d4 Bd6 5. Nc3 Bxe5 6. dxe5 Qxd1+ 7. Nxd1 Nc6
8. Bf4 Nge7 9. Bb5 Bf5 10. Nc3 O-O-O 11. Bg3 a6 12. Ba4 b5 13. Bb3 Ng6 14. Bxf7
Ngxe5 15. Bb3 h5 16. h4 Nc4 17. Bxc4 bxc4 18. Nd1 Nd4 19. Ne3 Be6 20. O-O-O c5
21. Rhe1 Nf5 22. Nf1 Bd5 23. Rd2 Bc6 24. Rde2 Nd4 25. Re3 Nf5 26. Ra3 Kb7 27.
Nd2 e3 28. Nxc4 exf2 29. Bxf2 Bxg2 30. Bxc5 Rhe8 31. Na5+ Kc7 32. Rxe8 Rxe8 33.
Ra4 Ng3 34. b3 Ne4 35. Bd4 g6 36. Rc4+ Kd7 37. Nc6 Rf8 38. Ne5+ Ke6 39. Nxg6
Rf1+ 40. Kb2 Kf5 41. Ne7+ Kg4 42. Ng6 Kf5 43. Rc6 Rg1 44. Rxa6 Rh1 45. a4 Bf3
46. a5 Rh2 47. Ne7+ Kg4 48. Rg6+ Kxh4 49. Nf5+ Kh3 50. Be5 Rg2 51. Rh6 Bd1 52.
Nd4 h4 53. a6 Rg4 54. a7 Nc5 55. a8=Q Nd3+ 56. Kc3 Rg2 57. Qxg2+ Kxg2 58. cxd3
Bg4 59. Rxh4 Bf3 60. Nxf3 Kxf3 61. Re4 Kg2 62. b4 Kf3 63. b5 Kg2 64. b6 {
Time forfeit} 1-0

[Event "Rated Blitz game"]
[Site "?"]
[Date "2021.04.15"]
[Round "?"]
[White "vascodiogo17"]
[Black "pasha1984"]
[Result "1-0"]
[WhiteElo "2430"]
[BlackElo "2409"]
[PlyCount "107"]
[EventDate "2021.??.??"]
[EventType "blitz"]

1. e4 e5 2. Nf3 d5 3. d3 dxe4 4. dxe4 Qxd1+ 5. Kxd1 Bg4 6. Be3 Nc6 7. Nbd2
O-O-O 8. Kc1 Nf6 9. Bc4 Bh5 10. h3 a6 11. Re1 Na5 12. Nxe5 Nxc4 13. Nexc4 Bg6
14. f3 Nd7 15. a4 f5 16. exf5 Bxf5 17. Bg5 Nf6 18. Ne5 Re8 19. Ndc4 Bd6 20. Bd2
Bc5 21. g4 Be6 22. b4 Bd4 23. c3 Bxc4 24. Nxc4 Bf2 25. Rf1 Bg3 26. Kc2 Nd5 27.
b5 Rhf8 28. bxa6 bxa6 29. Rab1 Bf4 30. Rfe1 Bxd2 31. Nxd2 Ne3+ 32. Kd3 Ng2 33.
Rxe8+ Rxe8 34. Ne4 Nf4+ 35. Ke3 Nxh3 36. Rb4 Ng5 37. Kf4 Ne6+ 38. Kg3 Rd8 39.
Rc4 Rd3 40. Rc6 Kd7 41. Rxe6 Rxc3 42. Rxa6 Rc4 43. Ra8 Kc6 44. a5 Ra4 45. Rg8
g6 46. Rg7 Rxa5 47. Rxh7 Re5 48. Rg7 Kd5 49. Rxg6 c5 50. Nxc5 Kxc5 51. Kf4 Kd5
52. Rg5 Rxg5 53. Kxg5 Ke5 54. f4+ {Normal} 1-0

[Event "Rated Blitz tournament eH5Pmow1"]
[Site "?"]
[Date "2021.04.15"]
[Round "?"]
[White "ramza39"]
[Black "Schachelite"]
[Result "0-1"]
[WhiteElo "2417"]
[BlackElo "2394"]
[PlyCount "88"]
[EventDate "2021.??.??"]
[EventType "blitz"]

1. e4 e5 2. Nf3 d5 3. d4 dxe4 4. Nxe5 Bd6 5. Be2 Bxe5 6. dxe5 Qxd1+ 7. Bxd1 Nc6
8. Bf4 Nge7 9. Nc3 Ng6 10. Bg3 Ngxe5 11. Nxe4 Bf5 12. Nc5 O-O-O 13. O-O b6 14.
Nb3 h5 15. h4 f6 16. Re1 Rhe8 17. Bxh5 Rh8 18. Bd1 Ng6 19. h5 Nge5 20. a4 Bg4
21. Bxg4+ Nxg4 22. a5 Rxh5 23. axb6 cxb6 24. Re6 Kb7 25. f3 Nge5 26. Bxe5 Rxe5
27. Re1 Rxe1+ 28. Rxe1 Rd7 29. Kf2 Nb4 30. Re2 Rc7 31. c3 Nd3+ 32. Ke3 Ne5 33.
Ke4 a5 34. Nd4 g6 35. Kd5 Nd3 36. Ke6 Nf4+ 37. Kxf6 Nxe2 38. Nxe2 Rc6+ 39. Kg5
b5 40. Nd4 Rd6 41. Nxb5 Rd5+ 42. Kxg6 Rxb5 43. f4 Rxb2 44. g4 a4 {Normal} 0-1

[Event "Rated Blitz tournament 7h8KdwIb"]
[Site "?"]
[Date "2021.04.15"]
[Round "?"]
[White "Powerqueretaro"]
[Black "Maltinho"]
[Result "0-1"]
[WhiteElo "2224"]
[BlackElo "2524"]
[PlyCount "30"]
[EventDate "2021.??.??"]
[EventType "blitz"]

1. e4 e5 2. Nf3 d5 3. exd5 Bd6 4. d4 e4 5. Ne5 Nf6 6. Bb5+ c6 7. dxc6 bxc6 8.
Bc4 O-O 9. O-O Qc7 10. Bf4 Nbd7 11. Nxd7 Bxf4 12. Nxf8 Bxh2+ 13. Kh1 Qf4 14. g3
Qh6 15. Qc1 Qh3 {Normal} 0-1

[Event "Rated Blitz game"]
[Site "?"]
[Date "2021.04.15"]
[Round "?"]
[White "koioros"]
[Black "KamranShirazi"]
[Result "0-1"]
[WhiteElo "2343"]
[BlackElo "2537"]
[PlyCount "40"]
[EventDate "2021.??.??"]
[EventType "blitz"]

1. e4 e5 2. Nf3 d5 3. Nxe5 Bd6 4. d4 dxe4 5. Bc4 Bxe5 6. Qh5 Qe7 7. dxe5 Nc6 8.
Bf4 Be6 9. Bxe6 Qxe6 10. Nd2 O-O-O 11. O-O f5 12. exf6 Nxf6 13. Qc5 Rd5 14. Qa3
Nd4 15. Be3 a6 16. Bxd4 Rxd4 17. Nb3 Rd6 18. Nc5 Qe5 19. g3 Qh5 20. f3 Rd2 {
Normal} 0-1

[Event "Rated Blitz tournament 7h8KdwIb"]
[Site "?"]
[Date "2021.04.15"]
[Round "?"]
[White "RicksSanchez"]
[Black "Maltinho"]
[Result "1-0"]
[WhiteElo "2340"]
[BlackElo "2529"]
[PlyCount "167"]
[EventDate "2021.??.??"]
[EventType "blitz"]

1. e4 e5 2. Nf3 d5 3. Nc3 d4 4. Nb1 Bd6 5. d3 c5 6. Nbd2 Nc6 7. a4 Nge7 8. g3
f6 9. Bg2 Be6 10. O-O g5 11. Ne1 h5 12. Nc4 Bc7 13. f4 Bxc4 14. dxc4 gxf4 15.
gxf4 Qd7 16. f5 O-O-O 17. Nd3 Rdg8 18. Nxc5 Qd6 19. Nd3 h4 20. Kh1 h3 21. Bf3
Nb4 22. Bd2 a5 23. Bxb4 axb4 24. a5 Qc6 25. b3 Bd6 26. a6 bxa6 27. Ra5 Qb6 28.
Qa1 Nc6 29. Rxa6 Qb7 30. c5 Bc7 31. Qa4 Kd7 32. Nxb4 Ra8 33. Qxc6+ Qxc6 34.
Rxc6 Rhb8 35. Rxc7+ Kxc7 36. Nd5+ Kc6 37. Nxf6 Ra2 38. Bd1 Ra1 39. Ng4 Re8 40.
f6 Kxc5 41. f7 Rf8 42. Nh6 Kb4 43. Kg1 Kc3 44. Kf2 Kd2 45. Bh5 Rxf1+ 46. Kxf1
Kxc2 47. Ng4 d3 48. Ne3+ Kc1 49. Nc4 d2 50. Nxe5 Rh8 51. Bf3 Rf8 52. Bh5 Rh8
53. Bf3 Kc2 54. Kf2 Kxb3 55. Ng6 Rd8 56. f8=Q d1=Q 57. Bxd1+ Rxd1 58. Qb8+ Kc2
59. Qc7+ Kb2 60. Qb6+ Kc2 61. Qc5+ Kb2 62. Qb4+ Kc2 63. Qa4+ Kc1 64. Qxd1+ Kxd1
65. e5 Kd2 66. e6 Kd3 67. e7 Ke4 68. e8=Q+ Kf5 69. Qe5+ Kg4 70. Qf4+ Kh5 71.
Qh4+ Kxg6 72. Qxh3 Kf6 73. Qh5 Ke6 74. Qg5 Kf7 75. h3 Ke6 76. h4 Kf7 77. Qh6
Ke7 78. Qg6 Kf8 79. Qh7 Ke8 80. Qg7 Kd8 81. h5 Ke8 82. h6 Kd8 83. h7 Ke8 84.
h8=Q# {Normal} 1-0

[Event "Rated Blitz tournament 67lKc6Ow"]
[Site "?"]
[Date "2021.04.15"]
[Round "?"]
[White "KBPL_JUNIOR"]
[Black "om_gendut"]
[Result "0-1"]
[WhiteElo "2208"]
[BlackElo "2436"]
[PlyCount "20"]
[EventDate "2021.??.??"]
[EventType "blitz"]

1. e4 e5 2. Nf3 d5 3. Nxe5 Bd6 4. d4 dxe4 5. Bc4 Bxe5 6. dxe5 Qxd1+ 7. Kxd1 Nc6
8. Bf4 Bg4+ 9. Ke1 O-O-O 10. h3 Rd1# {Normal} 0-1

[Event "Rated Blitz game"]
[Site "?"]
[Date "2021.04.15"]
[Round "?"]
[White "N1chess21"]
[Black "DarthZannah"]
[Result "0-1"]
[WhiteElo "2353"]
[BlackElo "2488"]
[PlyCount "60"]
[EventDate "2021.??.??"]
[EventType "blitz"]

1. e4 e5 2. Nf3 d5 3. Nxe5 dxe4 4. Bc4 Qg5 5. d4 Qxg2 6. Rf1 Be6 7. Bxe6 fxe6
8. Bf4 Nf6 9. Nc3 c6 10. Qe2 Bb4 11. O-O-O Bxc3 12. bxc3 O-O 13. Rg1 Qh3 14.
Rg3 Qh5 15. Qc4 Nd5 16. Rg5 Qh4 17. Rg4 Qxf2 18. Bh6 g6 19. Rdg1 Qxh2 20. Bxf8
Kxf8 21. Nxg6+ hxg6 22. Rxg6 Nd7 23. Rg8+ Ke7 24. R1g7+ Kd6 25. Rxa8 Qh6+ 26.
Kb2 Qxg7 27. Rxa7 N7b6 28. Qc5+ Kc7 29. a4 e3 30. a5 Na4+ {Normal} 0-1

[Event "Rated Blitz game"]
[Site "?"]
[Date "2021.04.15"]
[Round "?"]
[White "Meysonn"]
[Black "Turkmentiger2020"]
[Result "1-0"]
[WhiteElo "2669"]
[BlackElo "2594"]
[PlyCount "45"]
[EventDate "2021.??.??"]
[EventType "blitz"]

1. e4 e5 2. Nf3 d5 3. d3 dxe4 4. dxe4 Qxd1+ 5. Kxd1 Nf6 6. Nbd2 Bc5 7. Nxe5 O-O
8. Nd3 Bb6 9. f3 Nc6 10. c3 Be6 11. Kc2 Rad8 12. Nf4 Bc8 13. Nc4 Rfe8 14. a4 a5
15. Nxb6 cxb6 16. Bb5 Re7 17. Be3 Nxe4 18. fxe4 Rxe4 19. Rae1 Bf5 20. Kc1 Ne5
21. Bxb6 Rd6 22. Rxe4 Bxe4 23. Rd1 {Normal} 1-0

[Event "Rated Blitz tournament 67lKc6Ow"]
[Site "?"]
[Date "2021.04.15"]
[Round "?"]
[White "alfaronini88"]
[Black "om_gendut"]
[Result "1/2-1/2"]
[WhiteElo "2229"]
[BlackElo "2417"]
[PlyCount "132"]
[EventDate "2021.??.??"]
[EventType "blitz"]

1. e4 e5 2. Nf3 d5 3. Nxe5 Bd6 4. d4 dxe4 5. Nc4 Be7 6. c3 Nf6 7. Be2 O-O 8. h3
Bf5 9. Bg5 Nbd7 10. Ne3 Bg6 11. Nd2 Re8 12. g4 c6 13. h4 h6 14. Bxf6 Bxf6 15.
g5 hxg5 16. hxg5 Bxg5 17. Qb3 Nb6 18. O-O-O Nd5 19. Rdg1 a5 20. Bc4 Bxe3 21.
fxe3 b5 22. Bxd5 Qxd5 23. Qxd5 cxd5 24. Rg5 Red8 25. Re5 b4 26. c4 dxc4 27.
Nxc4 Rac8 28. b3 a4 29. Kb2 axb3 30. axb3 Ra8 31. Ra1 Rxa1 32. Kxa1 Ra8+ 33.
Kb2 Kf8 34. Rb5 Ra6 35. Rxb4 Rf6 36. d5 Rf2+ 37. Kc3 Ke7 38. d6+ Ke6 39. Rb7
Rf1 40. Re7+ Kf6 41. Re8 Rd1 42. Nd2 Bf5 43. Kc2 Ra1 44. Nc4 Ra7 45. Kc3 Be6
46. Rb8 Rd7 47. Rb6 g5 48. Kd4 Rd8 49. Kxe4 Rg8 50. d7 g4 51. Kf4 Ke7 52. Rb7
Rd8 53. Ne5 Rxd7 54. Nxd7 Bxd7 55. Rxd7+ Kxd7 56. Kxg4 Kc6 57. Kf4 Kb5 58. Kf5
Kb4 59. Kf6 Kxb3 60. Kxf7 Kc4 61. e4 Kd3 62. e5 Ke4 63. e6 Kf5 64. e7 Kg5 65.
e8=Q Kh6 66. Qe6+ Kg5 {Time forfeit} 1/2-1/2

[Event "Rated Blitz game"]
[Site "?"]
[Date "2021.04.15"]
[Round "?"]
[White "Grishuk2789"]
[Black "lavilaine"]
[Result "0-1"]
[WhiteElo "2514"]
[BlackElo "2364"]
[PlyCount "122"]
[EventDate "2021.??.??"]
[EventType "blitz"]

1. e4 e5 2. Nf3 d5 3. Nxe5 Qe7 4. d4 f6 5. Nf3 dxe4 6. Ng1 f5 7. c4 Nf6 8. Nc3
Be6 9. Nh3 Nbd7 10. Ng5 O-O-O 11. Nxe6 Qxe6 12. Be3 Bd6 13. g3 Ng4 14. Be2 Nxe3
15. fxe3 g5 16. Qd2 Rdf8 17. O-O-O f4 18. gxf4 gxf4 19. c5 fxe3 20. Qc2 Bxc5
21. dxc5 Nxc5 22. Rhf1 Rf2 23. Rxf2 exf2 24. Rf1 e3 25. b4 Nd7 26. Qe4 Qxe4 27.
Nxe4 Re8 28. Nc3 Ne5 29. Kc2 Ng6 30. Kd1 Nf4 31. Bf3 Nd3 32. Ne2 Nxb4 33. Bg4+
Kd8 34. a3 Nd5 35. Kc2 Nf6 36. Bf5 Re5 37. Bh3 Ne4 38. Kd3 Nd2 39. Rd1 Rd5+ 40.
Kxe3 Nc4+ 41. Kxf2 Rxd1 42. Bf5 Nd6 43. Bc2 Ra1 44. a4 h6 45. Ke3 c6 46. Nd4
Kc7 47. Bb3 b5 48. axb5 cxb5 49. Ne6+ Kb6 50. Kd4 a5 51. Nf4 a4 52. Bc2 b4 53.
Nd5+ Kb5 54. Nc7+ Kc6 55. Na6 b3 56. Bd3 b2 57. Nb4+ Kb7 58. Nd5 b1=Q 59. Bxb1
Rxb1 60. Nc3 Nb5+ 61. Nxb5 Rxb5 {Normal} 0-1

[Event "Rated Blitz game"]
[Site "?"]
[Date "2021.04.15"]
[Round "?"]
[White "koioros"]
[Black "KamranShirazi"]
[Result "0-1"]
[WhiteElo "2349"]
[BlackElo "2531"]
[PlyCount "86"]
[EventDate "2021.??.??"]
[EventType "blitz"]

1. e4 e5 2. Nf3 d5 3. Nxe5 Bd6 4. d4 dxe4 5. Bc4 Bxe5 6. Qh5 Qe7 7. dxe5 Nc6 8.
Bb5 Bd7 9. Bxc6 Bxc6 10. Nc3 O-O-O 11. Bg5 f6 12. exf6 Nxf6 13. Qh3+ Kb8 14.
O-O h6 15. Be3 Qb4 16. Rfb1 Nd5 17. Nxd5 Rxd5 18. c3 Qc4 19. Bd4 Rhd8 20. b3
Qe2 21. Qe3 Qh5 22. a4 Rg5 23. Bxa7+ Kc8 24. Bd4 Rdd5 25. b4 Rdf5 26. Kh1 Bd5
27. b5 Qh4 28. a5 Rh5 29. Qg3 Qe7 30. a6 b6 31. a7 Ba8 32. Qxg7 Qxg7 33. Bxg7
Rxf2 34. Rf1 Rhf5 35. Rxf2 Rxf2 36. Bd4 Rd2 37. Rf1 Kd7 38. h4 e3 39. Rg1 e2
40. Re1 Rd1 41. Bf2 Rd3 42. Kg1 Rxc3 43. Rxe2 Rc1+ {Time forfeit} 0-1

[Event "Rated Blitz game"]
[Site "?"]
[Date "2021.04.15"]
[Round "?"]
[White "Udemzo"]
[Black "CzechProphylaxis"]
[Result "0-1"]
[WhiteElo "2501"]
[BlackElo "2339"]
[PlyCount "48"]
[EventDate "2021.??.??"]
[EventType "blitz"]

1. e4 e5 2. Nf3 d5 3. exd5 Bd6 4. Qe2 Nf6 5. Nc3 O-O 6. d3 h6 7. h3 Bb4 8. Bd2
Nxd5 9. Nxd5 Bxd2+ 10. Kxd2 Qxd5 11. Qxe5 Qd8 12. Re1 Nc6 13. Qf4 Qd5 14. Qc4
Qa5+ 15. Kc1 Be6 16. Rxe6 fxe6 17. Qxe6+ Kh8 18. Qb3 Rae8 19. c3 Rxf3 20. gxf3
Qg5+ 21. Kd1 Qe5 22. Kc1 Qf4+ 23. Kd1 Qxf3+ 24. Kc2 Qxf2+ {Normal} 0-1

[Event "Rated Blitz tournament 67lKc6Ow"]
[Site "?"]
[Date "2021.04.15"]
[Round "?"]
[White "Charona"]
[Black "om_gendut"]
[Result "0-1"]
[WhiteElo "2275"]
[BlackElo "2407"]
[PlyCount "80"]
[EventDate "2021.??.??"]
[EventType "blitz"]

1. e4 e5 2. Nf3 d5 3. exd5 e4 4. Qe2 Be7 5. Qxe4 Nf6 6. Bb5+ Nbd7 7. Qe2 O-O 8.
c4 Nb6 9. O-O a6 10. c5 Nbxd5 11. Bc4 Bxc5 12. d4 Bd6 13. Nc3 c6 14. Bg5 Be7
15. Rfe1 Be6 16. Rad1 Re8 17. Bd3 h6 18. Bh4 Nf4 19. Qc2 Nxd3 20. Qxd3 Qa5 21.
Ne5 Nd5 22. Bxe7 Rxe7 23. Qg3 Rd8 24. Qh4 Ree8 25. Qg3 Nf6 26. h3 Qb4 27. Qf4
Qxb2 28. Na4 Qxa2 29. Nc5 Bc8 30. Ng4 Nxg4 31. hxg4 Qd5 32. Re3 Rxe3 33. fxe3
b6 34. Ne4 Re8 35. Nd6 Rd8 36. Nxc8 Rxc8 37. Rf1 a5 38. e4 Qxd4+ 39. Kh2 f6 40.
Qf5 Qe5+ {Time forfeit} 0-1

[Event "Rated Blitz tournament 7h8KdwIb"]
[Site "?"]
[Date "2021.04.15"]
[Round "?"]
[White "ElAsesinoFavorito"]
[Black "Turkmentiger2020"]
[Result "0-1"]
[WhiteElo "2729"]
[BlackElo "2604"]
[PlyCount "128"]
[EventDate "2021.??.??"]
[EventType "blitz"]

1. e4 e5 2. Nf3 d5 3. d3 dxe4 4. dxe4 Qxd1+ 5. Kxd1 Nf6 6. Be3 Nxe4 7. Nxe5 Nd7
8. Nf3 Bc5 9. Nbd2 Nxf2+ 10. Bxf2 Bxf2 11. Ne4 Bb6 12. c3 O-O 13. Kc2 Nc5 14.
Nxc5 Bxc5 15. Bd3 h6 16. Rae1 Be6 17. Rhf1 a6 18. Be4 Rab8 19. Ne5 Rfe8 20. a4
Bd6 21. Nf3 b5 22. Nd4 Bc4 23. Bd3 Rxe1 24. Rxe1 Bxd3+ 25. Kxd3 bxa4 26. Kc2
Bxh2 27. Ra1 Rb6 28. Rxa4 Rg6 29. g4 Rxg4 30. Rxa6 h5 31. Ra5 g6 32. b4 h4 33.
Nf3 Bd6 34. Ra1 h3 35. Rh1 h2 36. Kd3 Rg2 37. c4 g5 38. c5 Bf4 39. Ke4 Kg7 40.
Kf5 c6 41. b5 cxb5 42. c6 Rc2 43. Nxg5 Bxg5 44. Kxg5 Rxc6 45. Rxh2 b4 46. Rb2
Rb6 47. Kf5 b3 48. Kg5 Rb5+ 49. Kf4 Kf6 50. Ke4 Kg5 51. Kd4 f5 52. Kc4 Rb8 53.
Kc3 f4 54. Rg2+ Kf5 55. Kb2 Ke4 56. Rg7 f3 57. Re7+ Kf4 58. Rf7+ Kg3 59. Rg7+
Kf2 60. Rf7 Ke2 61. Re7+ Kf1 62. Rf7 f2 63. Rf6 Re8 64. Kxb3 Ke2 {Normal} 0-1

[Event "Rated Blitz game"]
[Site "?"]
[Date "2021.04.15"]
[Round "?"]
[White "skakist1s"]
[Black "annaly1979"]
[Result "0-1"]
[WhiteElo "2416"]
[BlackElo "2374"]
[PlyCount "24"]
[EventDate "2021.??.??"]
[EventType "blitz"]

1. e4 e5 2. Nf3 d5 3. d4 dxe4 4. Nxe5 Bd6 5. Nc4 Nf6 6. Be2 O-O 7. O-O h6 8. c3
Nc6 9. Nba3 a6 10. Nc2 Bf5 11. Nb4 Bxb4 12. cxb4 Nxd4 {Normal} 0-1

[Event "Rated Blitz game"]
[Site "?"]
[Date "2021.04.15"]
[Round "?"]
[White "Daskevich"]
[Black "jflup"]
[Result "1-0"]
[WhiteElo "2625"]
[BlackElo "2435"]
[PlyCount "67"]
[EventDate "2021.??.??"]
[EventType "blitz"]

1. e4 e5 2. Nf3 d5 3. exd5 e4 4. Qe2 Nf6 5. d3 Qxd5 6. Nc3 Bb4 7. Bd2 Bxc3 8.
Bxc3 O-O 9. Ne5 exd3 10. Qxd3 Re8 11. Qxd5 Nxd5 12. Bc4 Be6 13. Bxd5 Bxd5 14.
O-O-O Be6 15. Rhe1 Nc6 16. Nxc6 bxc6 17. Be5 Bd5 18. f3 Re7 19. Bd4 Rae8 20.
Rxe7 Rxe7 21. Bxa7 f6 22. Kd2 Kf7 23. b3 g5 24. Bc5 Re8 25. c4 Be6 26. Kc3 Bc8
27. Rd2 h5 28. a4 Re1 29. a5 h4 30. Rd8 Re8 31. Rd2 Re1 32. Ba7 g4 33. fxg4
Bxg4 34. Bb8 {Normal} 1-0

[Event "Rated Blitz game"]
[Site "?"]
[Date "2021.04.15"]
[Round "?"]
[White "braulio66"]
[Black "melanger"]
[Result "1-0"]
[WhiteElo "2420"]
[BlackElo "2377"]
[PlyCount "71"]
[EventDate "2021.??.??"]
[EventType "blitz"]

1. e4 e5 2. Nf3 d5 3. Nxe5 Bd6 4. d4 dxe4 5. Nc4 Nf6 6. Nxd6+ Qxd6 7. Be2 O-O
8. O-O Nc6 9. Be3 Rd8 10. c3 Ne7 11. Nd2 h6 12. Nc4 Qe6 13. Qb3 a5 14. a4 b6
15. Nd2 Nfd5 16. Bc4 Qg6 17. Qc2 f5 18. g3 Kh8 19. Kh1 Qh5 20. Rae1 Rf8 21. f4
Nf6 22. Be2 Qf7 23. Nc4 Be6 24. Ne5 Qe8 25. c4 Rd8 26. d5 Bc8 27. h3 Nd7 28.
Bd4 Nxe5 29. Bxe5 Ng6 30. Bxc7 Rd7 31. Bxb6 Bb7 32. Bxa5 Qa8 33. Bc3 Rc8 34. b3
Ne7 35. Kh2 Ng8 36. Qd2 {Normal} 1-0

[Event "Rated Rapid game"]
[Site "?"]
[Date "2021.04.15"]
[Round "?"]
[White "Bolga123"]
[Black "el7or95"]
[Result "1-0"]
[WhiteElo "2407"]
[BlackElo "2275"]
[PlyCount "91"]
[EventDate "2021.??.??"]
[EventType "rapid"]

1. e4 e5 2. Nf3 d5 3. Nxe5 Nd7 4. Nxd7 Qxd7 5. exd5 Qxd5 6. Nc3 Qa5 7. Bc4 Bd7
8. O-O O-O-O 9. Re1 Nf6 10. Bf1 Bd6 11. d3 h5 12. Bd2 Ng4 13. Ne4 Bxh2+ 14. Kh1
Qe5 15. Bc3 Qe7 16. Qf3 f5 17. Nf6 Qc5 18. d4 Qd6 19. Nxd7 Rxd7 20. Ba6 Qxa6
21. Qxf5 Qd6 22. Re6 Qf8 23. Qxf8+ Rxf8 24. f3 Bg3 25. fxg4 hxg4 26. Kg1 Bf2+
27. Kf1 Bxd4+ 28. Ke2 Rf2+ 29. Kd3 Bb6+ 30. Kc4 Rf4+ 31. Kb3 Rd5 32. a4 Bd4 33.
Rae1 Bxc3 34. Re8+ Kd7 35. R1e7+ Kd6 36. bxc3 c5 37. Rxb7 c4+ 38. Kb4 a5+ 39.
Ka3 Kc6 40. Rxg7 Rf2 41. Rg6+ Kd7 42. Ra8 Kc7 43. Ra7+ Kb8 44. Re7 Rd6 45. Rg8+
Rd8 46. Rxd8# {Normal} 1-0

[Event "Rated Blitz game"]
[Site "?"]
[Date "2021.04.15"]
[Round "?"]
[White "farbmates"]
[Black "KamranShirazi"]
[Result "0-1"]
[WhiteElo "2387"]
[BlackElo "2525"]
[PlyCount "30"]
[EventDate "2021.??.??"]
[EventType "blitz"]

1. e4 e5 2. Nf3 d5 3. exd5 e4 4. Qe2 Nf6 5. Nc3 Be7 6. Nxe4 Nxd5 7. d4 O-O 8.
h3 Re8 9. Ne5 f6 10. Nd3 f5 11. Ng3 Bb4+ 12. c3 Rxe2+ 13. Bxe2 Nxc3 14. bxc3
Bxc3+ 15. Kf1 Bxa1 {Normal} 0-1

[Event "Rated Blitz game"]
[Site "?"]
[Date "2021.04.15"]
[Round "?"]
[White "HomeAlone20"]
[Black "magos33"]
[Result "1-0"]
[WhiteElo "2357"]
[BlackElo "2410"]
[PlyCount "75"]
[EventDate "2021.??.??"]
[EventType "blitz"]

1. e4 e5 2. Nf3 d5 3. Nc3 dxe4 4. Nxe4 f5 5. Ng3 Bd6 6. Bc4 Qe7 7. O-O Nf6 8.
Re1 Nc6 9. d3 Bd7 10. a3 O-O-O 11. b4 f4 12. Ne4 Nxe4 13. Rxe4 Bf5 14. Re1 g5
15. Bb2 g4 16. Nd4 Nxd4 17. Bxd4 h5 18. Bxa7 h4 19. f3 Qg7 20. a4 h3 21. Qe2
hxg2 22. Qxg2 g3 23. hxg3 fxg3 24. f4 Rh2 25. Qf3 Bxb4 26. Rxe5 Bc3 27. Bd5 c6
28. Bxc6 bxc6 29. Qxc6+ Qc7 30. Qa8+ Kd7 31. Rd5+ Ke7 32. Bc5+ Kf7 33. Rxf5+
Kg6 34. Qe4 Bxa1 35. Re5+ Kf6 36. Re6+ Kf7 37. Qf5+ Kg8 38. Rg6+ {Time forfeit}
1-0

[Event "Rated Blitz game"]
[Site "?"]
[Date "2021.04.15"]
[Round "?"]
[White "lumiere91"]
[Black "Dzon_Vejn"]
[Result "1-0"]
[WhiteElo "2291"]
[BlackElo "2458"]
[PlyCount "121"]
[EventDate "2021.??.??"]
[EventType "blitz"]

1. e4 e5 2. Nf3 d5 3. d4 dxe4 4. Nxe5 Bd6 5. Nc4 Be7 6. Be2 Nf6 7. O-O O-O 8.
Ne3 Nc6 9. d5 Ne5 10. c4 c6 11. Nc3 cxd5 12. Ncxd5 Nxd5 13. Nxd5 Be6 14. Nxe7+
Qxe7 15. Qa4 Rfd8 16. Be3 b6 17. Rfd1 Rac8 18. b3 Nd3 19. Bxd3 exd3 20. Rd2 Rd7
21. Rad1 Bf5 22. Qb5 Bg6 23. h4 h5 24. Qg5 Qxg5 25. Bxg5 f6 26. Be3 Kf7 27. f3
Ke6 28. Kf2 Kd6 29. Re1 Re8 30. Rdd1 Kc6 31. Bd2 Rde7 32. Rxe7 Rxe7 33. Re1
Rxe1 34. Bxe1 Kc5 35. Ke3 Bh7 36. g4 hxg4 37. fxg4 a6 38. Bc3 b5 39. cxb5 axb5
40. g5 b4 41. gxf6 gxf6 42. Bxf6 Kb5 43. h5 Kc5 44. h6 d2 45. Kxd2 Bb1 46. Kc1
Bh7 47. Kb2 Kb5 48. Be7 Ka5 49. Bf8 Kb5 50. Kc1 Ka5 51. Kd2 Kb5 52. Ke3 Kc6 53.
Kd4 Kd7 54. Bxb4 Ke8 55. a4 Kf7 56. Bd6 Bc2 57. Kc3 Be4 58. b4 Ke6 59. Bf8 Kf7
60. Bg7 Bd5 61. Kd4 {Normal} 1-0

[Event "Rated Blitz game"]
[Site "?"]
[Date "2021.04.15"]
[Round "?"]
[White "nnd28"]
[Black "pasha1984"]
[Result "1-0"]
[WhiteElo "2318"]
[BlackElo "2403"]
[PlyCount "43"]
[EventDate "2021.??.??"]
[EventType "blitz"]

1. e4 e5 2. Nf3 d5 3. exd5 e4 4. Ng1 Nf6 5. Nc3 Bb4 6. a3 Bxc3 7. dxc3 O-O 8.
Bc4 Bd7 9. Bg5 h6 10. Bh4 Re8 11. Qd4 g5 12. Bg3 c6 13. dxc6 Nxc6 14. Qd2 Be6
15. Qxd8 Raxd8 16. Bxe6 Rxe6 17. Ne2 h5 18. h3 Nd5 19. O-O f5 20. Bh2 f4 21.
Nd4 Nde7 22. Nxe6 {Normal} 1-0

[Event "Rated Blitz game"]
[Site "?"]
[Date "2021.04.15"]
[Round "?"]
[White "HannHagen"]
[Black "annaly1979"]
[Result "0-1"]
[WhiteElo "2358"]
[BlackElo "2414"]
[PlyCount "128"]
[EventDate "2021.??.??"]
[EventType "blitz"]

1. e4 e5 2. Nf3 d5 3. exd5 e4 4. Qe2 f5 5. d3 Nf6 6. Nc3 Bb4 7. Bg5 Bxc3+ 8.
bxc3 O-O 9. dxe4 fxe4 10. Nd4 c5 11. dxc6 Nxc6 12. Nxc6 bxc6 13. Qe3 Bf5 14.
Bc4+ Kh8 15. O-O Qa5 16. Bxf6 Rxf6 17. Rad1 Raf8 18. Rd2 Rg6 19. Rfd1 h6 20.
Kh1 Kh7 21. h3 Qe5 22. Rd8 Rgf6 23. Rxf8 Rxf8 24. Qd4 Qf4 25. Qxa7 Bg6 26. Qe3
Qh4 27. Kh2 Qf6 28. Rd7 Qxf2 29. Qxf2 Rxf2 30. Bb3 e3 31. Re7 e2 32. Kg3 Rf5
33. Rxe2 Rg5+ 34. Kh2 h5 35. a4 Rc5 36. c4 Kh6 37. Re1 h4 38. Ra1 Rg5 39. a5
Be4 40. g4 hxg3+ 41. Kg1 c5 42. a6 Rh5 43. Kf1 Rxh3 44. Ke2 Rh2+ 45. Ke3 Ba8
46. Rg1 g2 47. Kf2 Rh3 48. Ba4 Rh4 49. Bd7 Rxc4 50. Bh3 Rxc2+ 51. Kg3 Ra2 52.
Bxg2 Bxg2 53. Rxg2 Rxa6 54. Kf4 g5+ 55. Ke5 c4 56. Kd5 c3 57. Kd4 Rc6 58. Kd3
Kh5 59. Rc2 Kh4 60. Rxc3 Rxc3+ 61. Kxc3 Kh3 62. Kd3 g4 63. Ke2 Kh2 64. Kf1 g3 {
Normal} 0-1

[Event "Rated Blitz game"]
[Site "?"]
[Date "2021.04.15"]
[Round "?"]
[White "jumbaa1234"]
[Black "magos33"]
[Result "1-0"]
[WhiteElo "2343"]
[BlackElo "2408"]
[PlyCount "109"]
[EventDate "2021.??.??"]
[EventType "blitz"]

1. e4 e5 2. Nf3 d5 3. Nxe5 Bd6 4. d4 dxe4 5. Nc3 Bxe5 6. dxe5 Qxd1+ 7. Kxd1 Nc6
8. Nxe4 Nxe5 9. Bf4 f6 10. Bb5+ c6 11. Be2 Be6 12. Nd6+ Ke7 13. Nxb7 Rb8 14.
Nc5 Rxb2 15. Kc1 Rb4 16. Bg3 Nh6 17. Nxe6 Kxe6 18. Re1 Nf5 19. f4 Nxg3 20. hxg3
Ng6 21. c3 Rb6 22. Kc2 Kd6 23. Rad1+ Kc7 24. Bh5 Rd8 25. Bxg6 Rxd1 26. Kxd1
hxg6 27. Re7+ Kb8 28. Rxg7 Rb2 29. Rxg6 Rxg2 30. Rxf6 Rxg3 31. Rxc6 Rg2 32. a4
Kb7 33. Rc4 Rf2 34. Ke1 Ra2 35. f5 Rh2 36. Rf4 Rh7 37. f6 Rf7 38. Kd2 Kc6 39.
Kd3 Kd5 40. Rf1 Ke5 41. Kc4 Rc7+ 42. Kb4 Rf7 43. Kb5 Ke6 44. Ka6 Kd6 45. Kb5
Ke6 46. Kc6 Rxf6 47. Rxf6+ Kxf6 48. Kd6 Kf5 49. c4 Ke4 50. c5 Kd4 51. c6 Kc4
52. c7 Kb4 53. c8=Q Kxa4 54. Qa6+ Kb4 55. Qxa7 {Normal} 1-0